Idea groups in EU4 - Statistics

General Stats
  • This quiz has been taken 323 times
  • The average score is 20 of 25
Answer Stats
Hint Answer % Correct
Diplomatic Diplomatic
96%
Military Quantity
96%
Military Quality
95%
Administrative Administrative
94%
Military Defensive
92%
Military Offensive
91%
Military Naval
89%
Military Aristocratic
86%
Administrative Economic
86%
Administrative Religious
86%
Diplomatic Trade
85%
Diplomatic Exploration
82%
Diplomatic Espionage
81%
Administrative Expansion
81%
Administrative Humanist
74%
Military Plutocratic
72%
Administrative Innovative
70%
Diplomatic Maritime
70%
Diplomatic Court
68%
Diplomatic Influence
68%
Administrative Infrastructure
66%
Mercenary
65%
Military Horde Government
64%
Military Divine
56%
Military Indigenous
44%
No matching quizzes found
Score Distribution
Percent of People with Each Score
Percentile by Number Answered
Your Score History
You have not taken this quiz